[Event "PRO League Atlantic"]
[Site "Chess.com INT"]
[Date "2017.01.25"]
[Round "3"]
[White "Bartell, Thomas"]
[Black "Paragua, Mark"]
[Result "1/2-1/2"]
[WhiteElo "2345"]
[BlackElo "2492"]
[PlyCount "92"]
[EventDate "2017.01.11"]
[EventType "team-swiss (rapid)"]
[EventRounds "7"]
[EventCountry "USA"]
[SourceTitle "CBM 176 Extra"]
[Source "ChessBase"]
[SourceDate "2017.03.02"]
[SourceVersion "1"]
[SourceVersionDate "2017.03.02"]
[SourceQuality "1"]
[WhiteTeam "Philadelphia Inventors"]
[BlackTeam "New York Knights"]
[WhiteTeamCountry "UAE"]
[BlackTeamCountry "USA"]

1. d4 Nf6 2. c4 g6 3. Nf3 Bg7 4. g3 0-0 5. Bg2 d6 6. 0-0 Nc6 7. Nc3 Bg4 8. h3 Bxf3 9. Bxf3 Nd7 10. e3 e5 11. d5 Ne7 12. e4 f5 13. Bg5 h6 14. Bxe7 Qxe7 15. h4 h5 16. exf5 gxf5 17. Bxh5 e4 18. Bg6 Ne5 19. Qh5 Nxg6 20. Qxg6 Rf6 21. Qg5 Kh7 22. Qh5+ Bh6 23. Kh2 Rg8 24. Rae1 Qe5 25. Nb5 Rg7 26. Re2 f4 27. Qxe5 dxe5 28. Rg1 e3 29. gxf4 Rxf4 30. Rxg7+ Kxg7 31. fxe3 Rxh4+ 32. Kg3 Rxc4 33. d6 cxd6 34. Nxd6 Rb4 35. Nf5+ Kg6 36. e4 a5 37. Kf3 Bg5 38. b3 a4 39. bxa4 Rxa4 40. Rb2 Bf6 41. Ne3 Ra3 42. Ke2 Ra4 43. Kf3 Ra3 44. Ke2 Ra4 45. Kf3 Ra3 46. Ke2 Ra4 1/2-1/2

[Event "PRO League Atlantic"]
[Site "Chess.com INT"]
[Date "2017.01.18"]
[Round "2"]
[White "Gurevich, Daniel"]
[Black "Bartell, Thomas"]
[Result "0-1"]
[WhiteElo "2455"]
[BlackElo "2345"]
[PlyCount "78"]
[EventDate "2017.01.11"]
[EventType "team-swiss (rapid)"]
[EventRounds "7"]
[EventCountry "USA"]
[SourceTitle "CBM 176 Extra"]
[Source "ChessBase"]
[SourceDate "2017.03.02"]
[SourceVersion "1"]
[SourceVersionDate "2017.03.02"]
[SourceQuality "1"]
[WhiteTeam "Atlanta Kings"]
[BlackTeam "Philadelphia Inventors"]
[WhiteTeamCountry "USA"]
[BlackTeamCountry "UAE"]

1. e4 c6 2. d4 d5 3. Nd2 dxe4 4. Nxe4 Bf5 5. Ng3 Bg6 6. Nf3 Nd7 7. h4 h6 8. h5 Bh7 9. Bd3 Bxd3 10. Qxd3 e6 11. Bd2 Ngf6 12. 0-0-0 Be7 13. Ne4 Nxe4 14. Qxe4 Nf6 15. Qd3 0-0 16. Ne5 Qd5 17. c4 Qe4 18. Qg3 Qh7 19. f3 Rfd8 20. Bc3 c5 21. dxc5 Bxc5 22. b4 Be3+ 23. Kb2 Qf5 24. Nxf7 Rxd1 25. Rxd1 Kxf7 26. Qc7+ Kg8 27. Qxb7 Rf8 28. g4 Qf4 29. Qc6 Kh8 30. Qd6 Qxd6 31. Rxd6 Re8 32. c5 Kg8 33. Be5 Nd5 34. c6 Bb6 35. a4 Re7 36. Rd7 Rxd7 37. cxd7 Nxb4 38. Bd4 Bxd4+ 39. Kb3 Nc6 0-1

[Event "Titled Tuesday intern op 2nd Febr"]
[Site "Chess.com INT"]
[Date "2016.02.02"]
[Round "7"]
[White "Alice, Mateus Felizardo Vi"]
[Black "Bartell, Thomas"]
[Result "1-0"]
[WhiteElo "2124"]
[BlackElo "2353"]
[PlyCount "137"]
[EventDate "2016.02.02"]
[EventType "swiss (blitz)"]
[EventRounds "9"]
[EventCountry "USA"]
[SourceTitle "EXT 2021"]
[Source "ChessBase"]
[SourceDate "2020.10.23"]
[SourceVersion "1"]
[SourceVersionDate "2020.10.23"]
[SourceQuality "1"]

1. e4 c6 2. d4 d5 3. Nc3 dxe4 4. Nxe4 Bf5 5. Ng3 Bg6 6. Nf3 Nd7 7. h4 h6 8. h5 Bh7 9. Bd3 Bxd3 10. Qxd3 e6 11. Bd2 Ngf6 12. 0-0-0 Be7 13. Kb1 0-0 14. Ne4 Nxe4 15. Qxe4 Nf6 16. Qe2 Qd5 17. Rde1 c5 18. dxc5 Bxc5 19. Bc3 Rad8 20. Bxf6 gxf6 21. Rd1 Qf5 22. g4 Qf4 23. a3 a6 24. Rhf1 Kh8 25. Nd2 f5 26. f3 Rd5 27. Nb3 Rxd1+ 28. Qxd1 Be7 29. gxf5 Qxf5 30. f4 Bf6 31. Qf3 Rc8 32. Rf2 Rc6 33. Rg2 Bg7 34. Qg3 Qh7 35. Rd2 Rc8 36. Qf3 b5 37. Qb7 Rf8 38. Qxa6 Qf5 39. Qd6 Qxh5 40. Nc5 Qf5 41. Nd7 Rg8 42. Ne5 h5 43. Qe7 Bxe5 44. fxe5 Rg7 45. Qf6 Qxf6 46. exf6 Rg6 47. Rh2 Rh6 48. Rh4 Kh7 49. c4 bxc4 50. a4 Kg6 51. a5 Rh8 52. Rxc4 h4 53. Rc1 h3 54. Ka2 Kxf6 55. b4 Ke7 56. Kb3 h2 57. Rh1 Kd6 58. Ka4 Kc7 59. b5 Rh4+ 60. Kb3 e5 61. Kc3 f5 62. Kd3 Kd6 63. b6 Kc6 64. Ke3 Kb7 65. Kf3 Ka6 66. Kg3 Rg4+ 67. Kxh2 Kxa5 68. b7 Rb4 69. Ra1+ 1-0

[Event "Titled Tuesday intern op 2nd Febr"]
[Site "Chess.com INT"]
[Date "2016.02.02"]
[Round "1"]
[White "Andronescu, Madalin"]
[Black "Bartell, Thomas"]
[Result "0-1"]
[WhiteElo "2197"]
[BlackElo "2353"]
[PlyCount "84"]
[EventDate "2016.02.02"]
[EventType "swiss (blitz)"]
[EventRounds "9"]
[EventCountry "USA"]
[SourceTitle "EXT 2021"]
[Source "ChessBase"]
[SourceDate "2020.10.23"]
[SourceVersion "1"]
[SourceVersionDate "2020.10.23"]
[SourceQuality "1"]

1. e4 c6 2. d4 d5 3. Nc3 dxe4 4. Nxe4 Bf5 5. Ng3 Bg6 6. h4 h6 7. Nf3 Nd7 8. h5 Bh7 9. Bd3 Bxd3 10. Qxd3 e6 11. Bd2 Ngf6 12. 0-0-0 Be7 13. Ne4 Nxe4 14. Qxe4 Nf6 15. Qe2 Qd5 16. Kb1 Qe4 17. Qf1 0-0 18. Re1 Qh7 19. Ne5 Ne4 20. Bc1 Rfd8 21. Rd1 c5 22. dxc5 Bxc5 23. Rxd8+ Rxd8 24. Nd3 Bb6 25. Qe2 Nf6 26. f3 Qf5 27. g4 Qb5 28. g5 hxg5 29. h6 g6 30. h7+ Kg7 31. Qh2 Nh5 32. Qg2 f6 33. Qg4 Qf5 34. Qb4 Rd7 35. h8Q+ Kxh8 36. Qf8+ Kh7 37. f4 g4 38. Qe8 Rc7 39. Re1 g3 40. Rxe6 g2 41. Re7+ Rxe7 42. Qxe7+ Ng7 0-1